Autonómne vozidlo vo virtuálnom svete
Guardado en:
| Autor principal: | |
|---|---|
| Otros Autores: | |
| Formato: | Manuscrito Libro |
| Lenguaje: | eslovaco |
| Publicado: |
Bratislava :
STU v Bratislave FEI,
2021
|
| Materias: | |
| Acceso en línea: | https://opac.crzp.sk/?fn=detailBiblioForm&sid=2DF2AC71C78DA39E9CFBB7873752&seo=CRZP-detail-kniha |
| Etiquetas: |
Sin Etiquetas, Sea el primero en etiquetar este registro!
|
MARC
| LEADER | 00000ntm a22000003a 4500 | ||
|---|---|---|---|
| 001 | stuzp73947 | ||
| 003 | SK-STU | ||
| 005 | 20211111103558.2 | ||
| 007 | ta | ||
| 008 | 150427s2015----xo-----f-mn---000-0-slo-d | ||
| 040 | |a STU |b slo | ||
| 041 | 0 | |a slo | |
| 044 | |a xo | ||
| 100 | 1 | |a Halač, Ľubomír |u 030400 |4 aut |U FEI Fakulta elektrotechniky a informatiky |T FEI Ústav automobilovej mechatroniky |X 8415 |U E400 |Y 642 |7 8415 | |
| 242 | 0 | 1 | |a Autonomous vehicle in virtual world |y eng |
| 245 | 1 | 0 | |a Autonómne vozidlo vo virtuálnom svete |
| 260 | |a Bratislava : |b STU v Bratislave FEI, |c 2021 | ||
| 300 | |a 67 s., príl. | ||
| 650 | 4 | |a pathfinding |2 slo | |
| 650 | 4 | |a A* |2 slo | |
| 650 | 4 | |a hybrid A* |2 slo | |
| 650 | 4 | |a field D* |2 slo | |
| 650 | 4 | |a BFS |2 slo | |
| 650 | 4 | |a dijkstra |2 slo | |
| 650 | 4 | |a unity |2 slo | |
| 650 | 4 | |a obchádzanie prekážok |2 slo | |
| 650 | 4 | |a field D* |2 eng | |
| 650 | 4 | |a BFS |2 eng | |
| 650 | 4 | |a obstacle avoiding |2 eng | |
| 650 | 4 | |a pathfinding |2 eng | |
| 650 | 4 | |a A* |2 eng | |
| 650 | 4 | |a hybrid A* |2 eng | |
| 650 | 4 | |a dijkstra |2 eng | |
| 650 | 4 | |a unity |2 eng | |
| 700 | 1 | |a Bisták, Pavol |u 030400 |k Z1 |4 ths |U FEI Fakulta elektrotechniky a informatiky |T FEI Ústav automobilovej mechatroniky |X 3708 |U E400 |Y 642 |7 A000003708 | |
| 856 | 4 | |u https://opac.crzp.sk/?fn=detailBiblioForm&sid=2DF2AC71C78DA39E9CFBB7873752&seo=CRZP-detail-kniha | |